Every 5,000+ City in Europe before the Black Death - Statistics

General Stats
  • This quiz has been taken 8,941 times
    8,195 since last reset
  • The average score is 86 of 585
Answers on the Map
Answers color-coded by a green-red scale on the quiz's map according to % correct below.
 
Answer Stats
Population City % Correct
60,000 London
94%
200,000 Paris
88%
32,000 Roma (Rome)
87%
11,000 Donbelin (Dublin)
83%
39,000 Barsalona (Barcelona)
79%
22,000 Mosky (Moscow)
79%
30,000 Atenes (Athens)
77%
150,000 Meilano (Milan)
77%
5,000 Berlyn (Berlin)
76%
100,000 Konstantinoupolis (Istanbul)
75%
45,000 Lisabona (Lisbon)
75%
110,000 Venetia (Venice)
74%
50,000 Napole (Naples)
72%
110,000 Fiorenza (Florence)
67%
19,000 Masselha (Marseille)
67%
10,000 Münichen (Munich)
67%
8,000 Hamburg
65%
12,000 Porto
65%
20,000 Wienne (Vienna)
65%
20,000 Lyon
64%
18,000 Broekzele (Brussels)
63%
6,000 Buda
63%
5,000 Kijevŭ (Kyiv)
62%
9,000 Niza (Nice)
62%
25,000 Praha (Prague)
62%
7,000 Turin
62%
90,000 Sibillia (Seville)
61%
60,000 Ianua (Genoa)
60%
50,000 Palermo
60%
13,000 Sredets (Sofia)
60%
36,000 Balezia (Valencia)
59%
30,000 Bordeu (Bordeaux)
58%
13,000 Franckfort am Main (Frankfurt am Main)
57%
54,000 Köllen (Cologne)
56%
7,000 Rigna (Riga)
56%
22,000 Yorke (York)
55%
25,000 Nándorfehérvár (Belgrade)
54%
10,000 Nowecastrum uppon Tyn (Newcastle upon Tyne)
54%
5,000 Pest
54%
50,000 Salonicha (Thessaloniki)
54%
10,000 Zürich
54%
15,000 Dantzig (Gdańsk)
53%
14,000 Bristowe (Bristol)
51%
10,000 Mons
51%
12,000 Antwerpo (Antwerp)
50%
6,000 Geneva
50%
7,000 Bergen
49%
30,000 Lille
49%
33,000 Tolosa (Toulouse)
49%
50,000 Bolonia (Bologna)
48%
10,000 Kraków
48%
10,000 Oxineford (Oxford)
48%
5,000 Aberdene (Aberdeen)
47%
13,000 Bari
45%
100,000 Garnatah (Granada)
45%
30,000 Pisa
45%
7,000 Cauntebrege (Cambridge)
44%
25,000 Malaqah (Málaga)
44%
20,000 Strazburc (Strasbourg)
44%
10,000 Haga (The Hague)
43%
40,000 Verona
43%
45,000 Bruges
42%
5,000 Dresden
42%
8,000 Nantes
42%
12,000 Callais (Calais)
41%
21,000 Maiolica (Palma de Mallorca)
41%
6,000 Salzeburgh (Salzburg)
41%
5,000 Stuokarten (Stuttgart)
41%
12,000 Bremen
40%
17,000 Saragosa (Zaragoza)
40%
60,000 Gent (Ghent)
39%
13,000 Nurinberg (Nuremberg)
39%
5,000 Pozsony (Bratislava)
39%
14,000 Norwich
38%
6,000 Triest (Trieste)
38%
5,000 Hanovere (Hanover)
37%
50,000 Cordova (Córdoba)
36%
6,000 Cagliari
35%
9,000 Candia (Heraklion)
35%
11,000 Basel
34%
40,000 Monpolier (Montpellier)
34%
5,000 Vilna (Vilnius)
34%
11,000 Skoplje (Skopje)
33%
10,000 Catania
32%
17,000 Dion (Dijon)
32%
10,000 Dortmunde (Dortmund)
32%
7,000 Lvihorod (Lviv)
32%
25,000 Parma
32%
10,000 Rennes
32%
7,000 Saragusa (Syracuse)
32%
37,000 Toledo
32%
6,000 Utrecht
32%
20,000 Ache (Aachen)
31%
7,000 Brunna (Brno)
31%
5,000 Leycestre (Leicester)
31%
5,000 Innsprugg (Innsbruck)
30%
40,000 Roan (Rouen)
30%
23,000 Avignon
29%
5,000 Bunne (Bonn)
29%
15,000 Lidje (Liège)
29%
20,000 Rems (Reims)
29%
21,000 Aureliani (Orléans)
28%
9,000 Caunterbery (Canterbury)
28%
5,000 Graz
28%
40,000 Mesina (Messina)
28%
16,000 Morcia (Murcia)
28%
40,000 Padua
28%
5,000 Qasan (Kazan)
28%
23,000 Lubech (Lübeck)
27%
35,000 Novgorod (Veliky Novgorod)
27%
6,000 Varna
27%
100,000 Saray-Berke (Selitrennoye)
26%
10,000 Saray-Jük
26%
13,000 Wreczelaw (Wrocław)
26%
13,000 Cahem (Caen)
25%
25,000 Lione (León)
25%
19,000 Modena
25%
5,000 Yepeswych (Ipswich)
25%
5,000 Linz
24%
8,000 Pamplona
24%
16,000 Plovdiv
24%
14,000 Rostok (Rostock)
24%
50,000 Siena
24%
9,000 Stetin (Szczecin)
24%
24,000 Tors (Tours)
24%
25,000 Uschburk (Augsburg)
24%
12,000 Bergamo
23%
12,000 Covingtre (Coventry)
23%
6,000 Lausanne
23%
12,000 Lincoln
23%
24,000 Meintz (Mainz)
23%
26,000 Mets (Metz)
23%
5,000 Gataforda (Waterford)
22%
7,000 Gloucestre (Gloucester)
22%
12,000 Ravena (Ravenna)
22%
7,000 Santiago de Compostela
22%
7,000 Kolozsvár (Cluj-Napoca)
21%
5,000 Trento
21%
7,000 Ulm
21%
25,000 Valdulit (Valladolid)
21%
45,000 Brèsa (Brescia)
20%
12,000 Como
20%
10,000 Friburg (Freiburg im Breisgau)
20%
8,000 Girona
20%
16,000 Münster
20%
6,000 Poznań
20%
7,000 Visby
20%
25,000 Luca (Lucca)
19%
15,000 Magedeborch (Magdeburg)
19%
10,000 Plzeň
19%
14,000 Rimano (Rimini)
19%
13,000 Salerno
19%
10,000 Taranto
19%
5,000 Vich (Vic)
19%
6,000 Vriberge (Freiberg)
19%
21,000 Amiens
18%
10,000 Heidelberg
18%
10,000 Wyncestre (Winchester)
18%
25,000 Ancona
17%
21,000 Angers
17%
5,000 Lemans (Le Mans)
17%
7,000 Lezi (Lecce)
17%
10,000 Nemse (Nîmes)
17%
9,000 Perpignan
17%
13,000 Regio Aemilia (Reggio Emilia)
17%
7,000 Rostovŭ (Rostov)
17%
15,000 Salamanca
17%
6,000 Santander
17%
6,000 Udine
17%
6,000 Ais in Provençal (Aix-en-Provence)
16%
13,000 Brindisi
16%
15,000 Durazzo (Dürres)
16%
21,000 Madinat al-Mariyyah (Almería)
16%
25,000 Perusia (Perugia)
16%
11,000 Regenspurc (Regensburg)
16%
25,000 Smolensk
16%
13,000 Trier
16%
24,000 Burgus (Burgos)
15%
10,000 Carcassonna (Carcassonne)
15%
8,000 Clarmont (Clermont-Ferrand)
15%
6,000 Coimbra
15%
23,000 Erffurt (Erfurt)
15%
12,000 Ferrara
15%
12,000 Hajji Tarkhan (Astrakhan)
15%
10,000 Maestricht (Maastricht)
15%
9,000 Mülhausen (Mulhouse)
15%
15,000 Plěskov (Pskov)
15%
5,000 Pyrgos (Burgas)
15%
7,000 Adrianople (Edirne)
14%
5,000 Chorfu (Corfu)
14%
5,000 Haarlem
14%
9,000 Monza
14%
9,000 Taragona (Tarragona)
14%
8,000 Berwike uppon Twede (Berwick-upon-Tweed)
13%
12,000 Brunswike (Braunschweig)
13%
5,000 Cartagena
13%
10,000 Niš
13%
15,000 Peitiers (Poitiers)
13%
8,000 Salesbery (Salisbury)
13%
15,000 Sassari
13%
6,000 Hereford
12%
5,000 Kylkenni (Kilkenny)
12%
30,000 Mantua
12%
14,000 Namur
12%
25,000 Troies (Troyes)
12%
20,000 Vicentia (Vicenza)
12%
18,000 Worms
12%
14,000 Xeres (Jerez de la Frontera)
12%
9,000 Badajosa (Badajoz)
11%
10,000 Baionne (Bayonne)
11%
10,000 Besontion (Besançon)
11%
5,000 Colmar
11%
45,000 Cremona
11%
7,000 Foggia
11%
6,000 Ingolestat (Ingolstadt)
11%
5,000 Kassa (Košice)
11%
9,000 Larissa
11%
20,000 Lewyn (Leuven)
11%
30,000 Narbona (Narbonne)
11%
23,000 Piacentia (Piacenza)
11%
6,000 Târgul Ieșilor (Iași)
11%
10,000 Ukek (Saratov)
11%
7,000 Wirtzpurg (Würzburg)
11%
5,000 Alba
10%
6,000 Arle (Arles)
10%
6,000 Boston
10%
5,000 Cori
10%
5,000 Corona (Brașov)
10%
30,000 Ipre (Ypres)
10%
17,000 Jahén (Jaén)
10%
6,000 Kostenze (Konstanz)
10%
7,000 Kursk
10%
9,000 Ossenbrügge (Osnabrück)
10%
7,000 Ragusa
10%
7,000 Róiskelda (Roskilde)
10%
6,000 Salopesbery (Shrewsbury)
10%
15,000 Treviso
10%
5,000 Valencie (Valence)
10%
16,000 Alessandria
9%
20,000 Aquila (L'Aquila)
9%
18,000 Aritio (Arezzo)
9%
30,000 Arraz (Arras)
9%
10,000 Auceurre (Auxerre)
9%
16,000 Borges (Bourges)
9%
9,000 Chartres
9%
7,000 Lenne (King's Lynn)
9%
20,000 Pavia
9%
13,000 Prato
9%
7,000 Scarburgh (Scarborough)
9%
15,000 Trapani
9%
7,000 Yernemouth (Great Yarmouth)
9%
10,000 Asti
8%
8,000 Babenberg (Bamberg)
8%
5,000 Benevento
8%
15,000 Bezes (Béziers)
8%
28,000 Caffa (Feodosia)
8%
5,000 Cathanzario (Catanzaro)
8%
8,000 Chöttingen (Göttingen)
8%
6,000 Delft
8%
14,000 Forlì
8%
8,000 Girgenti (Agrigento)
8%
10,000 Leyda (Lleida)
8%
6,000 Malfe (Amalfi)
8%
12,000 Mérida
8%
6,000 Nicosia
8%
6,000 Novara
8%
9,000 Olomouc
8%
7,000 Paderborn
8%
6,000 Seguva (Segovia)
8%
6,000 Sorrento
8%
12,000 Stralesund (Stralsund)
8%
5,000 Terni
8%
10,000 Urbino
8%
7,000 Vila de Castelló (Castellón de la Plana)
8%
9,000 Assisi
7%
5,000 Calamata (Kalamata)
7%
7,000 Cesena
7%
5,000 Chio (Chios)
7%
5,000 Cortryck (Courtrai)
7%
8,000 Crotone
7%
12,000 Eboria (Évora)
7%
6,000 Golyamo Yorgovo (Ruse)
7%
5,000 Grosseto
7%
11,000 Imola
7%
8,000 Lûneborch (Lüneburg)
7%
9,000 Matera
7%
6,000 Mazala (Marsala)
7%
8,000 Middleburgh (Middelburg)
7%
5,000 Ohrid
7%
6,000 Potenza
7%
14,000 Savona
7%
5,000 Thebes
7%
35,000 Tornay (Tournai)
7%
7,000 Uesca (Huesca)
7%
5,000 Verdun
7%
10,000 Albi
6%
5,000 Avera (Aveiro)
6%
5,000 Ávila
6%
17,000 Barleta (Barletta)
6%
6,000 Bery (Bury St Edmunds)
6%
5,000 Blois
6%
15,000 Byauvaiz (Beauvais)
6%
8,000 Dordrecht
6%
8,000 Gripeswald (Greifswald)
6%
5,000 Ioannina
6%
6,000 Maon (Mahón)
6%
10,000 Mechgelme (Mechelen)
6%
8,000 Montalban (Montauban)
6%
5,000 Nevers
6%
6,000 Pesaro
6%
12,000 Pistoia
6%
21,000 Spira (Speyer)
6%
24,000 Tarnovgrad (Veliko Tarnovo)
6%
17,000 Valentiana (Valenciennes)
6%
19,000 Viterbo
6%
8,000 Wismar
6%
6,000 Agen
5%
5,000 Bonifazio (Bonifacio)
5%
6,000 Boruj (Stara Zagora)
5%
9,000 Cambrai
5%
9,000 Capua
5%
6,000 Castrianni (Enna)
5%
5,000 Černigovŭ (Chernihiv)
5%
10,000 Chaallons (Châlons-en-Champagne)
5%
6,000 Cuenca
5%
5,000 Cuneo
5%
15,000 Darband (Derbent)
5%
20,000 Douai
5%
5,000 Gap
5%
7,000 Görlitz
5%
5,000 Heilichprunne (Heilbronn)
5%
8,000 Hildensem (Hildesheim)
5%
8,000 Lodi
5%
20,000 Medina del Campo
5%
6,000 Medina de Rioseco
5%
5,000 Moncastro (Bilhorod-Dnistrovskyi)
5%
5,000 Nyorto (Niort)
5%
6,000 Pallentia (Palencia)
5%
7,000 Portogalo (Vila Nova de Gaia)
5%
5,000 Potevedro (Pontevedra)
5%
10,000 Prizren
5%
17,000 Spoleto
5%
5,000 Taormina
5%
8,000 Terranova (Gela)
5%
8,000 Teruel
5%
8,000 Zamora
5%
5,000 Alghero
4%
7,000 Andria
4%
6,000 Bdin (Vidin)
4%
7,000 Beverley
4%
5,000 Bitolj (Bitola)
4%
7,000 Cefalù
4%
8,000 Chieti
4%
18,000 Corilioni (Corleone)
4%
9,000 Crema
4%
6,000 Daeventer (Deventer)
4%
6,000 Doros
4%
5,000 Engolesme (Angoulême)
4%
5,000 Évreux
4%
10,000 Faenza
4%
20,000 Fano
4%
19,000 Fermo
4%
5,000 Gniezno
4%
9,000 Goslar
4%
5,000 Guingamp
4%
6,000 Landeshuata (Landshut)
4%
13,000 Laon
4%
7,000 Macerata
4%
5,000 Neustadt (Wiener Neustadt)
4%
16,000 Orvieto
4%
14,000 Polotesk (Polotsk)
4%
20,000 Provins
4%
7,000 Rieti
4%
5,000 Rodés (Rodez)
4%
5,000 Rutelinga (Reutlingen)
4%
35,000 Saint-Omer
4%
6,000 Saint Quentin en Vermendois (Saint-Quentin)
4%
8,000 San Gimignano
4%
7,000 Santarém
4%
10,000 Sliven
4%
10,000 Târgoviște
4%
5,000 Tarifah (Tarifa)
4%
7,000 Tivoli
4%
15,000 Trani
4%
10,000 Vercelli
4%
5,000 Vienne
4%
5,000 Abbisville (Abbeville)
3%
6,000 Alcalá de Henares
3%
25,000 Ascoli Piceno
3%
5,000 Asterga (Astorga)
3%
5,000 Baudissyn (Bautzen)
3%
35,000 Bolghar (Bolgar)
3%
6,000 Castras (Castres)
3%
5,000 Caurs (Cahors)
3%
10,000 Chioza (Chioggia)
3%
6,000 Dinant
3%
5,000 Dreux
3%
6,000 Fehérvár (Székesfehérvár)
3%
9,000 Foligno
3%
7,000 Gaeta
3%
5,000 Gotha
3%
18,000 Gubbio
3%
6,000 Jihlava
3%
8,000 Kutná Hora
3%
5,000 Lorca
3%
5,000 Mohac (Modica)
3%
20,000 Monembasia (Monemvasia)
3%
11,000 Monopoli
3%
5,000 Noto
3%
5,000 Oristano
3%
8,000 Pereguers (Périgueux)
3%
6,000 Poies del Puei (Le Puy-en-Velay)
3%
5,000 Rotenburch (Rothenburg ob der Tauber)
3%
5,000 Saluzzo
3%
5,000 Sens
3%
6,000 Serrai (Serres)
3%
12,000 Šimeonis (Shumen)
3%
21,000 Soldaia (Sudak)
3%
5,000 Stamford
3%
12,000 Susat (Soest)
3%
17,000 Szűcsvár (Suceava)
3%
6,000 Teramo
3%
9,000 Vieste
3%
11,000 Volterra
3%
5,000 Zutfent (Zutphen)
3%
10,000 Aversa
2%
13,000 Baeza
2%
5,000 Bassano del Grappa
2%
12,000 Bitonto
2%
5,000 Bosa
2%
6,000 Calamottia (Calatayud)
2%
6,000 Calatagiró (Caltagirone)
2%
8,000 Chaves
2%
9,000 Chieri
2%
6,000 Chinon
2%
5,000 Cibdat Rodrigo (Ciudad Rodrigo)
2%
12,000 Cortona
2%
9,000 Dendermonde
2%
5,000 Drastar (Silistra)
2%
15,000 Ecia (Écija)
2%
6,000 Elvas
2%
5,000 Essilinga (Esslingen am Neckar)
2%
13,000 Fabriano
2%
5,000 Guerrande (Guérande)
2%
6,000 Haguenau
2%
5,000 Hoy (Huy)
2%
6,000 Iese (Jesi)
2%
7,000 Iglesias
2%
5,000 Isernia
2%
6,000 Licata
2%
5,000 Lokerne (Lokeren)
2%
17,000 Lucera
2%
10,000 Maliyyah Balis (Vélez-Málaga)
2%
5,000 Manfredonia
2%
7,000 Mazara del Vallo
2%
5,000 Melaz (Milazzo)
2%
15,000 Melfi
2%
7,000 Molfetta
2%
7,000 Monteleone (Vibo Valentia)
2%
6,000 Montepulciano
2%
6,000 Myzethras (Mystras)
2%
5,000 Nieuwpoort
2%
10,000 Nördelingen (Nördlingen)
2%
8,000 Osimo
2%
7,000 Otthun (Autun)
2%
6,000 Piasenza (Plasencia)
2%
6,000 Pinerolo
2%
17,000 Recanati
2%
5,000 Riom
2%
6,000 Rommans (Romans-sur-Isère)
2%
5,000 Salmeur (Saumur)
2%
6,000 Sansevero (San Severo)
2%
8,000 Schlettstadt (Sélestat)
2%
6,000 Sciacca
2%
5,000 Sint-Truiden
2%
6,000 Sisteroun (Sisteron)
2%
6,000 Smilu (Izmail)
2%
5,000 Tavira
2%
5,000 Tienen
2%
5,000 Tongeren
2%
5,000 Toro
2%
6,000 Torre del Greco
2%
8,000 Tortosa
2%
8,000 Tudela
2%
12,000 Úbeda
2%
5,000 Vigevano
2%
7,000 Villitria (Velletri)
2%
6,000 Wecslar (Wetzlar)
2%
9,000 Xàtiva
2%
5,000 Alatri
1%
6,000 Alzira
1%
5,000 Amelia
1%
7,000 Anagni
1%
10,000 Anciano (Lanciano)
1%
6,000 Andager (Andújar)
1%
8,000 Arcos (Arcos de la Frontera)
1%
5,000 Atri
1%
8,000 Baena
1%
5,000 Bagneris (Bagnères-de-Bigorre)
1%
5,000 Barbastro
1%
6,000 Belcastro
1%
20,000 Bilär (Bilyarsk)
1%
7,000 Bisceglie
1%
5,000 Bisignano
1%
6,000 Caltabellotta
1%
13,000 Camerino
1%
5,000 Cascia
1%
6,000 Castriduni (Châteaudun)
1%
8,000 Cervera
1%
5,000 Cingoli
1%
5,000 Città di Castello
1%
5,000 Civitanova
1%
6,000 Colle di Val d'Elsa
1%
10,000 Corneto
1%
5,000 Corridonia
1%
6,000 Cosarla (Cazorla)
1%
7,000 Dlăgopole (Câmpulung)
1%
5,000 Ferentino
1%
5,000 Fossombrone
1%
5,000 Giovinazzo
1%
7,000 Gravina in Puglia
1%
40,000 Gulistan (Tsarev)
1%
6,000 Halwerstidde (Halberstadt)
1%
5,000 Lamego
1%
6,000 Madinat Antaqirah (Antequera)
1%
11,000 Majar (Budyonnovsk)
1%
8,000 Mariánské Lázně
1%
5,000 Martos
1%
9,000 Massa Marittima
1%
5,000 Matelica
1%
5,000 Merseburg
1%
5,000 Mondovì
1%
6,000 Monselice
1%
5,000 Montalcino
1%
6,000 Montbréson (Montbrison)
1%
5,000 Montepeloso (Irsina)
1%
5,000 Monte San Giuliano (Erice)
1%
9,000 Morella
1%
18,000 Mukhshi
1%
5,000 Nardò
1%
10,000 Narni
1%
5,000 Naro
1%
6,000 Nivelles
1%
5,000 Norcia
1%
6,000 Ocaña
1%
7,000 Oriola (Orihuela)
1%
5,000 Orte
1%
8,000 Ortona
1%
5,000 Paternò
1%
5,000 Patti
1%
5,000 Penne
1%
8,000 Platea (Piazza Armerina)
1%
11,000 Polizzi Generosa
1%
6,000 Prenczlau (Prenzlau)
1%
5,000 Priverno
1%
5,000 Procida
1%
8,000 Puigcerdà
1%
6,000 Randazzo
1%
6,000 Ravello
1%
5,000 Requena
1%
5,000 Rossano
1%
5,000 Salemi
1%
5,000 Salza (Bad Langensalza)
1%
6,000 San Giovanni Rotondo
1%
5,000 San Miniato
1%
13,000 San Severino (San Severino Marche)
1%
5,000 Sant Flor (Saint-Flour)
1%
5,000 Sarno
1%
6,000 Savigliano
1%
6,000 Sessa Aurunca
1%
5,000 Sezza (Sezze)
1%
6,000 Steppa (Estepa)
1%
5,000 Strongoli
1%
10,000 Sulmona
1%
10,000 Todi
1%
5,000 Tolentino
1%
5,000 Tortona
1%
5,000 Tuscania
1%
5,000 Utrera
1%
7,000 Venosa
1%
5,000 Voghera
1%
9,000 Zerbst
1%
5,000 Castronovo di Sicilia
0%
5,000 San Elpidio (Sant'Elpidio a Mare)
0%
5,000 Treia
0%
No matching quizzes found
Score Distribution
Percent of People with Each Score
Percentile by Number Answered
Your Score History
You have not taken this quiz since the last reset